Catalog

Record Details

Catalog Search



Chalk on the wild side / [Lorie King Kaehler ; ... Read More

Series: Art camp

Available copies

  • 1 of 2 copies available at LARL/NWRL Consortium.
  • 1 of 2 copies available at Lake Agassiz Regional Library. (Show preferred library)

Current holds

0 current holds with 2 total copies.

Show Only Available Copies
Location Call Number / Copy Notes Barcode Shelving Location Status Due Date
Crookston Public Library J 741.23 KAE (Text) 33500012519617 Main Available -
Moorhead Public Library J 741.23 KAE (Text) 33500012650537 Main Checked out 07/14/2026

Record details

  • ISBN: 9781942875116 (hardcover)
  • ISBN: 1942875118 (hardcover)
  • ISBN: 9781633220218
  • ISBN: 1633220214
  • Physical Description: 128 pages : color illustrations ; 24 cm
  • Edition: Library edition.
  • Publisher: Lake Forest, CA : Walter Foster Jr., an imprint of Quarto Publishing Group USA Inc., 2016.

Content descriptions

General Note:
"More than 25 chalk art projects, recipes, and creative activities to inspire."
Summary, etc.:
Chalk on the Wild Side is the second title in Art ... Read More
Subject: Chalk drawing > Juvenile literature.
Formulas, recipes, etc > Juvenile literature.
Handicraft > Juvenile literature.
Handicraft > Juvenile literature.
Handicraft. > Juvenile literature.
Handicraft > Juvenile literature.
Chalk drawing.
Formulas, recipes, etc.
Handicraft.
Genre: Juvenile works.
LDR 03112cam a2200613 i 4500
001258130
003LARL_NWRL_CONSORTIUM
00520180301213824.0
008151229t20162015caua j 000 0 eng
010 . ‡a 2015051207
040 . ‡aDLC ‡beng ‡erda ‡cDLC ‡dYDXCP ‡dOCLCF ‡dBTCTA ‡dQBX ‡dBDX ‡dCCPLG ‡dT3D ‡dTXKYL ‡dPOSTP ‡dGK8 ‡dOCLCO
015 . ‡aGBB607090 ‡2bnb
019 . ‡a961958459
020 . ‡a9781942875116 (hardcover)
020 . ‡a1942875118 (hardcover)
020 . ‡a9781633220218
020 . ‡a1633220214
035 . ‡a(OCoLC)933580555 ‡z(OCoLC)961958459
037 . ‡a1400141 ‡bQBI
042 . ‡apcc
08200. ‡a741.2/3 ‡223
1001 . ‡aKaehler, Lorie King, ‡eauthor.
24510. ‡aChalk on the wild side / ‡c[Lorie King Kaehler ; with photographs by Donna Starry].
250 . ‡aLibrary edition.
264 1. ‡aLake Forest, CA : ‡bWalter Foster Jr., an imprint of Quarto Publishing Group USA Inc., ‡c2016.
264 4. ‡c©2015
300 . ‡a128 pages : ‡bcolor illustrations ; ‡c24 cm
336 . ‡atext ‡2rdacontent
337 . ‡aunmediated ‡2rdamedia
338 . ‡avolume ‡2rdacarrier
4900 . ‡aArt camp
500 . ‡a"More than 25 chalk art projects, recipes, and creative activities to inspire."
520 . ‡aChalk on the Wild Side is the second title in Art Camp, an art series geared toward adults who want to engage in creative play with the children in their lives. Designed to introduce young artists to a variety of art methods and techniques in fun, fresh, and inviting new ways, this addition to the series encourages parents and their kids to play outdoors with an assortment of chalk recipes and interactive games and activities. The first half of the book details a bevy of chalk recipes, from glow-in-the-dark chalk, fizzing chalk, and scented chalk to chalk foam, chalk goo paint, and ice chalk. Readers will then discover a variety of activities and ways to use their favorite chalk recipes. From classic games to 3D chalk projects such as chalk volcanoes, chalk powder bombs, chalk rockets, chalk hair dye, and more, parents and children alike will be delighted by the multitude of exciting ideas.
650 0. ‡aChalk drawing ‡vJuvenile literature.
650 0. ‡aFormulas, recipes, etc ‡vJuvenile literature.
650 0. ‡aHandicraft ‡vJuvenile literature. ‡0(LARL_NWRL_CONSORTIUM)165548
650 1. ‡aHandicraft ‡vJuvenile literature. ‡0(LARL_NWRL_CONSORTIUM)165548
650 4. ‡aHandicraft. ‡vJuvenile literature. ‡0(LARL_NWRL_CONSORTIUM)165548
65014. ‡aHandicraft ‡vJuvenile literature. ‡0(LARL_NWRL_CONSORTIUM)165548
650 7. ‡aChalk drawing. ‡2fast
650 7. ‡aFormulas, recipes, etc. ‡2fast
650 7. ‡aHandicraft. ‡2fast ‡0(LARL_NWRL_CONSORTIUM)176028
655 7. ‡aJuvenile works. ‡2fast
901 . ‡a258130 ‡b ‡c258130 ‡tbiblio

Additional Resources